000 01105nam a22002537a 4500
005 20090825120337.0
008 090728t xxu||||| |||| 00| 0 pun d
010 _aPUN-6736
020 _c200.00
_a9788178562797
035 _aPN-5854
037 _bDBAD / PUB
040 _adpl
_bpn
082 _a630
100 _924414
_aਘੁਮਣ, ਸਰਵਜੀਤ ਸਿੰਘ
245 _aਵਿਗਿਆਨਕ ਡੇਅਰੀ ਕਿੱਤਾ /
_cਸਰਵਜੀਤ ਸਿੰਘ ਘੁਮਣ
246 _aVigyanak Dairy kitta
_bby Sarvpreet Singh Ghuman
260 _aਅਮ੍ਰਿਤਸਰ
_bਵਾਰਿਸ ਸ਼ਾਹ ਫ਼ਾਉਂਡੇਸ਼ਨ
_c2010
270 _a42, Guru Tegh Bahadur Nagar, P.O> khalsa college
_bAMRITSAR ( Pb )
_k0183-2450520
_e143 002
300 4 _a146 ਸਫੇ
_c22 ਸੇਮੀ (ਸਜਿਲੱਦ)
650 _924412
_aਪਸ਼ੂ ਪਾਲਨ
650 _aDairy Farming
_924431
942 _2ddc
_cPN
_h630
_mਘੁਮਣ
999 _c49755
_d49755